Iyothee Thassar & Tamil Buddhist Movement (Record no. 19941)

MARC details
000 -LEADER
fixed length control field 00347nam a22001337a 4500
020 ## - INTERNATIONAL STANDARD BOOK NUMBER
ISBN 9788189524999
082 ## - DEWEY DECIMAL CLASSIFICATION NUMBER
Classification number 294.382 ALO
100 ## - MAIN ENTRY--AUTHOR NAME
Author name Aloysius G
245 ## - TITLE STATEMENT
Title Iyothee Thassar & Tamil Buddhist Movement
250 ## - EDITION STATEMENT
Edition statement Religion asEmancipatory Identity
260 ## - PUBLICATION, DISTRIBUTION, ETC. (IMPRINT)
Place of publication New Delhi
Name of publisher Critical quest
Year of publication 2015
650 ## - SUBJECT ADDED ENTRY--TOPICAL TERM
Topical Term Buddhist Movment
942 ## - ADDED ENTRY ELEMENTS (KOHA)
Koha item type Books
Holdings
Home library Current library Shelving location Date acquired Cost, normal purchase price Full call number Accession Number Koha item type
Henry Martyn Institute Library Henry Martyn Institute Library General stacks 01/19/2016 365.00 294.382 ALO 11003362 General Stack Book
                   Copyright © 2026 | Henry Martyn Institute | Hyderabad | TS-500052 | INDIA | Implemented by hmi.edu.in
Hit-Count:

Powered by Koha